000
00296nam a22001337a 4500
008
231025b ||||| |||| 00| 0 eng d
041
_a
eng
080
_a
574
082
_a
574MAT
100
_a
44
101
_a
IAM
245
_a
SOURCE BOOK IN GEOLOGY 1900-1950
_c
MATHER .F.K
942
_2
udc
_c
BK
999
_c
60460
_d
60460